|
|
|
|
| LEADER |
03477nam a2200889 a 4500 |
| 001 |
nkc20142568143 |
| 003 |
CZ PrNK |
| 005 |
20251219235005.0 |
| 007 |
ta |
| 008 |
140220s2014 xr e 000 1bcze |
| 015 |
|
|
|a cnb002568143
|
| 020 |
|
|
|a 978-80-7195-746-1
|q (brož.)
|
| 035 |
|
|
|a (OCoLC)879564806
|
| 040 |
|
|
|a ABA001
|b cze
|d OLA001
|
| 041 |
1 |
|
|a cze
|h ita
|
| 043 |
|
|
|a e-it---
|
| 045 |
|
|
|a w8x6
|
| 072 |
|
7 |
|a 27
|x Křesťanství. Křesťanská církev všeobecně. Eklesiologie
|2 Konspekt
|9 5
|
| 072 |
|
7 |
|a 929
|x Biografie
|2 Konspekt
|9 8
|
| 080 |
|
|
|a 929
|2 MRF
|
| 080 |
|
|
|a 272-732.2-051
|2 MRF
|
| 080 |
|
|
|a 341.71
|2 MRF
|
| 080 |
|
|
|a 27-36
|2 MRF
|
| 080 |
|
|
|a 272
|2 MRF
|
| 080 |
|
|
|a 27-4
|2 MRF
|
| 080 |
|
|
|a 272-732.2
|2 MRF
|
| 080 |
|
|
|a 27-46
|2 MRF
|
| 080 |
|
|
|a 27-7-028.79
|2 MRF
|
| 080 |
|
|
|a 27-662:3
|2 MRF
|
| 080 |
|
|
|a 327
|2 MRF
|
| 080 |
|
|
|a (450)
|2 MRF
|
| 080 |
|
|
|a (092)
|2 MRF
|
| 080 |
|
|
|a (042.5)
|2 MRF
|
| 100 |
1 |
|
|a Agasso, Domenico,
|d 1921-2020
|7 ola2014815473
|4 aut
|
| 245 |
1 |
0 |
|a Papež Jan XXIII. /
|c Domenico Agasso st., Domenico Agasso ml. ; [z italského originálu ... přeložil Ctirad Václav Pospíšil]
|
| 260 |
|
|
|a Kostelní Vydří :
|b Karmelitánské nakladatelství,
|c 2014
|
| 300 |
|
|
|a 85 s. ;
|c 19 cm
|
| 490 |
1 |
|
|a Osudy ;
|v sv. 51
|
| 600 |
0 |
7 |
|a Jan
|b XXIII.,
|c papež,
|d 1881-1963
|7 jn19990210303
|2 czenas
|
| 600 |
0 |
9 |
|a John
|b XXIII.,
|c Pope,
|d 1881-1963
|2 eczenas
|
| 610 |
2 |
7 |
|a Katolická církev
|7 kn20010710145
|2 czenas
|
| 648 |
|
4 |
|a 1881-1963
|
| 648 |
|
7 |
|a 20. století
|7 ch460558
|2 czenas
|
| 648 |
|
7 |
|a 19.-20. století
|7 ch757015
|2 czenas
|
| 650 |
0 |
7 |
|a papežové
|7 ph123939
|y 20. století
|2 czenas
|
| 650 |
0 |
7 |
|a diplomaté
|7 ph119471
|y 20. století
|2 czenas
|
| 650 |
0 |
7 |
|a křesťanští blahoslavení
|7 ph122141
|z Itálie
|y 19.-20. století
|2 czenas
|
| 650 |
0 |
7 |
|a katolicismus
|7 ph121523
|y 19.-20. století
|2 czenas
|
| 650 |
0 |
7 |
|a církevní život
|7 ph119306
|y 19.-20. století
|2 czenas
|
| 650 |
0 |
7 |
|a papežství
|7 ph123941
|y 20. století
|2 czenas
|
| 650 |
0 |
7 |
|a pastorace
|7 ph123988
|y 20. století
|2 czenas
|
| 650 |
0 |
7 |
|a reforma církve
|7 ph281880
|y 20. století
|2 czenas
|
| 650 |
0 |
7 |
|a křesťanství a společnost
|7 ph138510
|y 20. století
|2 czenas
|
| 650 |
0 |
7 |
|a diplomacie
|7 ph119467
|y 20. století
|2 czenas
|
| 650 |
0 |
9 |
|a popes
|y 20th century
|2 eczenas
|
| 650 |
0 |
9 |
|a diplomats
|y 20th century
|2 eczenas
|
| 650 |
0 |
9 |
|a Christian blessed
|z Italy
|y 19th-20th centuries
|2 eczenas
|
| 650 |
0 |
9 |
|a Catholicism
|y 19th-20th centuries
|2 eczenas
|
| 650 |
0 |
9 |
|a church life
|y 19th-20th centuries
|2 eczenas
|
| 650 |
0 |
9 |
|a papacy
|y 20th century
|2 eczenas
|
| 650 |
0 |
9 |
|a pastoral care
|y 20th century
|2 eczenas
|
| 650 |
0 |
9 |
|a reform of the church
|y 20th century
|2 eczenas
|
| 650 |
0 |
9 |
|a Christianity and civilization
|y 20th century
|2 eczenas
|
| 650 |
0 |
9 |
|a diplomacy
|y 20th century
|2 eczenas
|
| 655 |
|
7 |
|a biografie
|7 fd131909
|2 czenas
|
| 655 |
|
7 |
|a promluvy
|7 fd187848
|2 czenas
|
| 655 |
|
9 |
|a biography
|2 eczenas
|
| 655 |
|
9 |
|a speeches, adresses
|2 eczenas
|
| 700 |
1 |
|
|a Agasso, Domenico,
|d 1979-
|7 mzk2009544171
|4 aut
|
| 765 |
0 |
|
|t Papa Giovanni XXIII
|9 Česky
|
| 830 |
|
0 |
|a Osudy (Karmelitánské nakladatelství)
|0 s
|
| 856 |
4 |
1 |
|u http://www.digitalniknihovna.cz/mzk/uuid/uuid:9bd8646a-dbec-11f0-8364-e628bccce693
|y Digitalizovaný dokument
|x NDK
|
| 910 |
2 |
|
|a BOA001
|b 1-1323.975
|
| 990 |
|
|
|a BK
|
| 995 |
|
|
|a 01
|
| 991 |
|
|
|b 201404
|c NOV
|e n
|
| 996 |
6 |
|
|b 2610586982
|c 1-1323.975
|l MZK
|r Sklad / do 1 hodiny
|n 9
|p p.v.
|w 001412743
|u 000010
|a 1
|e BOA001
|j MZK50
|s P
|